[Event "Ceske Budejovice op-B"]
[Site "Ceske Budejovice"]
[Date "2023.07.08"]
[Round "8"]
[White "Dobsinsky, Petr"]
[Black "Yurchenko, Oleg"]
[Result "1-0"]
[WhiteElo "1247"]
[BlackElo "1659"]
[PlyCount "101"]
[EventDate "2023.07.01"]
[EventType "swiss"]
[EventRounds "9"]
[EventCountry "CZE"]
[SourceTitle "EXT 2024"]
[Source "ChessBase"]
[SourceDate "2023.10.10"]
[SourceVersion "1"]
[SourceVersionDate "2023.10.10"]
[SourceQuality "1"]

1. d4 d5 2. Nf3 Nc6 3. c3 h6 4. e3 Nf6 5. Bd3 Bg4 6. Nbd2 e6 7. 0-0 Bd6 8. e4 dxe4 9. Nxe4 Nxe4 10. Bxe4 0-0 11. Qd3 f5 12. Bxc6 bxc6 13. Re1 f4 14. h3 Bf5 15. Qc4 Qe8 16. Nh4 Bxh3 17. gxh3 Qh5 18. Qxe6+ Rf7 19. Qg4 Qxg4+ 20. hxg4 Be7 21. Ng6 Bg5 22. Ne5 Re7 23. Bd2 Rae8 24. Nxc6 Rxe1+ 25. Rxe1 Rxe1+ 26. Bxe1 f3 27. Nxa7 Bf4 28. Nb5 g5 29. a4 Kg7 30. a5 Kg6 31. d5 h5 32. gxh5+ Kxh5 33. a6 c6 34. a7 cxb5 35. a8Q Kg4 36. Qc8+ Kh4 37. Qc5 Kh3 38. Qxb5 Bh2+ 39. Kf1 g4 40. Qd7 Bg3 41. Qh7+ Bh4 42. d6 g3 43. fxg3 Kg4 44. Qxh4+ Kf5 45. Kf2 Kg6 46. Qf4 Kg7 47. d7 Kg6 48. d8R Kg7 49. Qd6 Kf7 50. Rd7+ Ke8 51. Qe7# 1-0

[Event "Ceske Budejovice op-B"]
[Site "Ceske Budejovice"]
[Date "2023.07.01"]
[Round "1"]
[White "Dobsinsky, Petr"]
[Black "Navratilova, Alena"]
[Result "1/2-1/2"]
[WhiteElo "1247"]
[BlackElo "1617"]
[PlyCount "35"]
[EventDate "2023.07.01"]
[EventType "swiss"]
[EventRounds "9"]
[EventCountry "CZE"]
[SourceTitle "EXT 2024"]
[Source "ChessBase"]
[SourceDate "2023.10.10"]
[SourceVersion "1"]
[SourceVersionDate "2023.10.10"]
[SourceQuality "1"]

1. d4 d5 2. Nf3 Nf6 3. e3 g6 4. Bd3 Bg7 5. Nbd2 Nbd7 6. e4 dxe4 7. Nxe4 Nxe4 8. Bxe4 Nf6 9. Bd3 0-0 10. c3 b6 11. 0-0 Bb7 12. Bg5 e6 13. Ne5 Qd5 14. f3 Rab8 15. Bc4 Qd6 16. Qa4 Ra8 17. Bxf6 Bxf6 18. Nd7 1/2-1/2

[Event "Valasska Bystrice op 13th"]
[Site "Valasska Bystrice"]
[Date "2022.09.15"]
[Round "7"]
[White "Hurta, Karel"]
[Black "Dobsinsky, Petr"]
[Result "1-0"]
[WhiteElo "1723"]
[BlackElo "1261"]
[PlyCount "55"]
[EventDate "2022.09.10"]
[EventType "swiss"]
[EventRounds "9"]
[EventCountry "CZE"]
[SourceTitle "CBM 210 Extra"]
[Source "ChessBase"]
[SourceDate "2022.11.30"]
[SourceVersion "1"]
[SourceVersionDate "2022.11.30"]
[SourceQuality "1"]

1. e4 d6 2. d4 Nf6 3. Nc3 Nbd7 4. f4 e5 5. Nf3 exd4 6. Qxd4 c6 7. h3 h6 8. Be3 Qb6 9. Qxb6 Nxb6 10. 0-0-0 Nbd7 11. Bc4 b5 12. Bd3 Nb6 13. Kb1 d5 14. Bxb6 dxe4 15. Nxe4 axb6 16. Nxf6+ gxf6 17. Nd4 Bb7 18. Rhe1+ Kd7 19. g4 Bc5 20. Nb3 Bf2 21. Bf5+ Kc7 22. Re7+ Kb8 23. Rxf7 Bh4 24. Rdd7 Ra7 25. Nd4 Re8 26. b3 Re1+ 27. Kb2 Rd1 28. Rd8+ 1-0

[Event "Valasska Bystrice op 13th"]
[Site "Valasska Bystrice"]
[Date "2022.09.10"]
[Round "1"]
[White "Dobsinsky, Petr"]
[Black "Fiser, Jiri1"]
[Result "0-1"]
[WhiteElo "1261"]
[BlackElo "1798"]
[PlyCount "56"]
[EventDate "2022.09.10"]
[EventType "swiss"]
[EventRounds "9"]
[EventCountry "CZE"]
[SourceTitle "CBM 210 Extra"]
[Source "ChessBase"]
[SourceDate "2022.11.30"]
[SourceVersion "1"]
[SourceVersionDate "2022.11.30"]
[SourceQuality "1"]

1. d4 f5 2. Nf3 Nf6 3. g3 g6 4. c4 Bg7 5. e3 0-0 6. Bg2 d6 7. Nc3 Nc6 8. a3 Bd7 9. b4 a6 10. b5 Na5 11. Nd2 e5 12. Nd5 exd4 13. Nxf6+ Qxf6 14. Bb2 Qe7 15. e4 axb5 16. cxb5 Bxb5 17. a4 Bc6 18. 0-0 fxe4 19. Nb3 Nxb3 20. Qxb3+ Qf7 21. Qxf7+ Rxf7 22. a5 Rf5 23. Rfd1 d3 24. Bxg7 Kxg7 25. Re1 Rfxa5 26. Rxa5 Rxa5 27. Bxe4 Re5 28. f3 d5 0-1

[Event "Ceske Budejovice op-B"]
[Site "Ceske Budejovice"]
[Date "2020.07.05"]
[Round "5"]
[White "Veselsky, Jan"]
[Black "Dobsinsky, Petr"]
[Result "1-0"]
[WhiteElo "1580"]
[BlackElo "1248"]
[PlyCount "49"]
[EventDate "2020.07.01"]
[EventType "swiss"]
[EventRounds "9"]
[EventCountry "CZE"]
[SourceTitle "CBM 197 Extra"]
[Source "ChessBase"]
[SourceDate "2020.09.30"]
[SourceVersion "1"]
[SourceVersionDate "2020.09.30"]
[SourceQuality "1"]

1. d4 Nf6 2. c4 e6 3. Nc3 Bb4 4. Nf3 b6 5. e3 0-0 6. Bd3 Bxc3+ 7. bxc3 d6 8. a4 a5 9. Ba3 Bb7 10. 0-0 Nbd7 11. Rb1 Re8 12. c5 dxc5 13. dxc5 Nxc5 14. Bc2 Qxd1 15. Rfxd1 Bxf3 16. gxf3 Nb7 17. e4 Rad8 18. Rd4 Rxd4 19. cxd4 g6 20. Rc1 Nd6 21. Bd3 Nc8 22. Rxc7 Nh5 23. Bc1 Ne7 24. Bh6 Ng7 25. Bb5 1-0